Etiqueta de registo: 00000nam 2200025 450
001 1889972
003 http://id.bnportugal.gov.pt/bib/catbnp/1889972
010 ## $a978-989-8678-72-0
021 ## $aPT$b375448/14
100 ## $a20141128d2014 c y0pory01030103ba
101 0# $apor
102 ## $aPT
105 ## $aa z 000yy
106 ## $ar
200 1# $a O pingo pernalta nas luzes da ribalta$ebisbilhotices filosóficas de um flamingo chique e esperto$fSofia Moreira$gil. e fot. Gonçalo Carmine Alho, Sofia Moreira
205 ## $a1ª ed
210 #9 $aLisboa$cVírgula,$d2014
215 ## $a38, [1] p.$cil.$d24 cm
675 ## $a087.5$vBN$zpor$3287999
675 ## $a821.134.3-93"20"$vBN$zpor$31046482
675 ## $a821.134.3-34"20"$vBN$zpor$31018838
700 #1 $aMoreira,$bSofia$31594216
702 #1 $aAlho,$bGonçalo Carmine$4440$31594217
801 #0 $aPT$bBN$gRPC
856 41 $uhttp://rnod.bnportugal.gov.pt/ImagesBN/winlibimg.aspx?skey=&doc=1889972&img=52802&save=true
900 ## $aBIBNAC$d20141230
966 ## $lBN$mFGMON$sP. 40926 V.$x1
Etiqueta de registo: 00000nam 2200025 450
001 2283145
003 http://id.bnportugal.gov.pt/bib/catbnp/2283145
010 ## $a978-989-53447-3-4
021 ## $aPT$b518776/23
100 ## $a20260327d2023 c b0pory01030103ba
101 0# $apor
102 ## $aPT
105 ## $aa z 000fy
106 ## $ar
200 1# $a A ilha dos girassóis$fSofia Mariana Pereira Henriques$gil. Paula Sofia Faria
210 #9 $aCâmara de Lobos$cO Liberal,$d2023
215 ## $a[48] p.$cil.$d23 cm
700 #1 $aHenriques,$bSofia Mariana Pereira,$f1984-$31737557
702 #1 $aMoreira,$bSofia$4440$31594216
801 #0 $aPT$bBN$gRPC
966 ## $lBN$mFGMON$x1
966 ## $lBN$mFGMON$x1
971 ## $ccsilva$d20260327